Rusko-český technický slovník

Salvato in:
Dettagli Bibliografici
Natura: Libro
Lingua:russo
ceco
Pubblicazione: Praha Stát. nakl. techn. lit. 1986
Edizione:4. rev. vyd.
Tags: Aggiungi Tag
Nessun Tag, puoi essere il primo ad aggiungerne!!

MARC

LEADER 00000nam a2200000 4500
001 c030995
005 20250930105641.2
041 0 |a rus 
041 0 |a cze 
044 |a CZ 
245 1 0 |a Rusko-český technický slovník 
250 |a 4. rev. vyd. 
264 1 |a Praha  |b Stát. nakl. techn. lit.  |c 1986 
300 |a 2 dily